[Event "IX. Rhein-Main-Open"]
[Site "Bad Homburg"]
[Date "2006.06.18"]
[Round "6.14"]
[White "Biegel, Thomas"]
[Black "Minor, Samuel"]
[Result "1/2-1/2"]
[WhiteElo "1999"]
[BlackElo "2100"]
[PlyCount "87"]
[EventDate "2006.??.??"]

1. Nf3 f5 2. d4 Nf6 3. Bg5 d6 4. Nbd2 Nbd7 5. e3 g6 6. Bc4 Bg7 7. O-O Nb6 8.
Bb3 e6 9. e4 h6 10. Bxf6 Qxf6 11. e5 Qe7 12. Re1 O-O 13. Qe2 Re8 14. Nc4 Nd5
15. Qd2 g5 16. Ne3 Nxe3 17. Qxe3 d5 18. Nd2 f4 19. Qd3 b6 20. Ba4 Bd7 21. Bxd7
Qxd7 22. g4 fxg3 23. fxg3 c5 24. c3 Rac8 25. Rf1 Re7 26. Rf2 Qe8 27. g4 Rec7
28. Raf1 Qa4 29. Qg6 Qd7 30. Rf6 Re8 31. Kg2 Rb7 32. h4 gxh4 33. Rh1 Rf8 34.
Rxh4 Qb5 35. Nf3 Qe2+ 36. Kg3 Rxf6 37. exf6 Rf7 38. g5 hxg5 39. Rh7 Qxf3+ 40.
Kxf3 Rxf6+ 41. Qxf6 Bxf6 42. Rxa7 cxd4 43. cxd4 Bxd4 44. Re7 1/2-1/2

[Event "IX. Rhein-Main-Open"]
[Site "Bad Homburg"]
[Date "2006.06.18"]
[Round "6.16"]
[White "Wiege, Andre"]
[Black "Sefeloge, Michael"]
[Result "1-0"]
[WhiteElo "2083"]
[BlackElo "1916"]
[PlyCount "77"]
[EventDate "2006.??.??"]

1. e4 c5 2. d3 d6 3. g3 Nf6 4. Bg2 e6 5. f4 Be7 6. Nf3 Nc6 7. O-O Qc7 8. Qe2
O-O 9. Nc3 a6 10. e5 dxe5 11. fxe5 Nd5 12. Nxd5 exd5 13. Bf4 Qb6 14. c3 Bg4 15.
Rae1 Rad8 16. Qf2 Bf5 17. Rd1 Qb5 18. Qe2 Na5 19. Rf2 Qd7 20. Qf1 Bg4 21. h3
Be6 22. Kh2 b5 23. d4 c4 24. Ng1 Nc6 25. Ne2 b4 26. Bc1 Rb8 27. Nf4 bxc3 28.
bxc3 h6 29. Qh1 Rb5 30. Rdf1 Na7 31. Bf3 Nc8 32. Bh5 Nb6 33. Nxe6 fxe6 34.
Rxf8+ Bxf8 35. Qf3 Qe7 36. Bf7+ Kh7 37. Qg4 Rb1 38. Qg6+ Kh8 39. Qxb1 1-0

[Event "IX. Rhein-Main-Open"]
[Site "Bad Homburg"]
[Date "2006.06.18"]
[Round "6.17"]
[White "Mayer, Frank"]
[Black "Ullrich, Helmut"]
[Result "1-0"]
[WhiteElo "2078"]
[BlackElo "1908"]
[PlyCount "35"]
[EventDate "2006.??.??"]

1. e4 e5 2. Nf3 Nc6 3. Bc4 Be7 4. d4 exd4 5. Nxd4 Bf6 6. c3 Nge7 7. O-O Nxd4 8.
cxd4 d5 9. exd5 Nxd5 10. Nc3 Nb6 11. Re1+ Kf8 12. Bb3 c6 13. Qf3 Qd7 14. Bf4 g5
15. Be5 Bxe5 16. Rxe5 h6 17. Rae1 Rh7 18. Qe4 1-0

[Event "IX. Rhein-Main-Open"]
[Site "Bad Homburg"]
[Date "2006.06.18"]
[Round "6.18"]
[White "Huss, Rolf"]
[Black "Diez, Gerhard"]
[Result "1-0"]
[WhiteElo "2112"]
[BlackElo "2014"]
[PlyCount "57"]
[EventDate "2006.??.??"]

1. d4 Nf6 2. c4 e6 3. Nf3 b6 4. g3 Bb7 5. Bg2 Be7 6. O-O O-O 7. Nc3 Ne4 8. Qc2
Nxc3 9. Qxc3 Be4 10. Bf4 d6 11. Qe3 Bb7 12. Qd3 g6 13. h4 c5 14. Bh6 Re8 15.
Ng5 Bxg2 16. Kxg2 Bf6 17. Qf3 Nd7 18. Rad1 cxd4 19. Rxd4 Ne5 20. Qf4 Qe7 21.
Ne4 Bh8 22. Bg5 Qb7 23. f3 f5 24. Nxd6 Qc6 25. Nxe8 Rxe8 26. Rfd1 Nf7 27. Rd7
Be5 28. Qd2 Qxc4 29. Rxf7 1-0

[Event "IX. Rhein-Main-Open"]
[Site "Bad Homburg"]
[Date "2006.06.18"]
[Round "6.19"]
[White "Grünter, Martin"]
[Black "Hillgaertner, Walter"]
[Result "1/2-1/2"]
[WhiteElo "1897"]
[BlackElo "2055"]
[PlyCount "79"]
[EventDate "2006.??.??"]

1. e4 c5 2. Nf3 Nc6 3. Bb5 g6 4. O-O Bg7 5. c3 Nf6 6. Re1 O-O 7. d4 Qb6 8. Ba4
d6 9. d5 Ne5 10. Nxe5 dxe5 11. Nd2 a6 12. Bc2 Qc7 13. a4 Bg4 14. f3 Bd7 15. a5
Ne8 16. Nc4 Nd6 17. Nb6 Rad8 18. Be3 Bb5 19. Ba4 f5 20. Bxb5 axb5 21. Qc2 Rf7
22. c4 bxc4 23. Nxc4 Nb5 24. Nb6 Nd4 25. Bxd4 exd4 26. Ra4 Be5 27. h3 Rdf8 28.
b4 Bg3 29. Re2 d3 30. Qxd3 cxb4 31. Qc4 Qxc4 32. Nxc4 b3 33. Nb6 Bd6 34. Rb2
fxe4 35. Rxe4 Bc5+ 36. Kh2 Bxb6 37. axb6 Rd8 38. Re5 Rd6 39. Rxb3 Kf8 40. Re2
1/2-1/2

[Event "IX. Rhein-Main-Open"]
[Site "Bad Homburg"]
[Date "2006.06.18"]
[Round "6.20"]
[White "Pietsch, Klaus"]
[Black "Foermes, Alexander"]
[Result "1/2-1/2"]
[WhiteElo "1956"]
[BlackElo "2054"]
[PlyCount "48"]
[EventDate "2006.??.??"]

1. d4 Nf6 2. Nf3 e6 3. c4 Bb4+ 4. Bd2 Qe7 5. Nc3 b6 6. g3 Bb7 7. Bg2 a5 8. O-O
O-O 9. Qc2 Bxc3 10. Bxc3 d6 11. b3 Nbd7 12. Rfe1 Be4 13. Qb2 Rfb8 14. Rac1 b5
15. Qd2 b4 16. Bb2 Rd8 17. Nh4 Bxg2 18. Nxg2 c5 19. Qc2 Rac8 20. e4 cxd4 21.
Bxd4 Nc5 22. Rcd1 Ne8 23. Nf4 Nd7 24. Qe2 f6 1/2-1/2

[Event "IX. Rhein-Main-Open"]
[Site "Bad Homburg"]
[Date "2006.06.18"]
[Round "6.21"]
[White "Remy, Jochen"]
[Black "Sittinger, Lutz"]
[Result "1-0"]
[WhiteElo "2097"]
[BlackElo "1786"]
[PlyCount "79"]
[EventDate "2006.??.??"]

1. c4 c5 2. g3 Nc6 3. Bg2 g6 4. Nc3 Bg7 5. Nf3 e6 6. O-O Nge7 7. d3 O-O 8. Bf4
d5 9. Qc1 d4 10. Ne4 e5 11. Bh6 Bxh6 12. Qxh6 Nf5 13. Qc1 Qe7 14. a3 Bd7 15. e3
Rab8 16. h3 b6 17. Re1 dxe3 18. fxe3 Ng7 19. Nc3 f5 20. Nd5 Qf7 21. Rf1 h6 22.
b4 cxb4 23. axb4 b5 24. Nd2 Rfc8 25. Qe1 Be6 26. Ne4 Ne8 27. Nc5 bxc4 28. Nxe6
Qxe6 29. dxc4 e4 30. Ra6 Qd7 31. b5 Ne5 32. Qa1 Nxc4 33. Rxg6+ Kf7 34. Rf6+ Kg8
35. R6xf5 Ncd6 36. Rf8+ Kh7 37. Qh8+ Kg6 38. R8f6+ Nxf6 39. Rxf6+ Kg5 40. Qxh6#
1-0

[Event "IX. Rhein-Main-Open"]
[Site "Bad Homburg"]
[Date "2006.06.18"]
[Round "6.22"]
[White "Niedenthal, Robert"]
[Black "Weise, Martin"]
[Result "0-1"]
[WhiteElo "1963"]
[BlackElo "2175"]
[PlyCount "78"]
[EventDate "2006.??.??"]

1. c4 e5 2. Nc3 Nc6 3. g3 g6 4. Bg2 Bg7 5. Rb1 a5 6. a3 d6 7. d3 Nf6 8. Nf3 O-O
9. O-O h6 10. e3 Be6 11. h3 Qd7 12. Kh2 e4 13. Nd4 Nxd4 14. exd4 exd3 15. d5
Bf5 16. g4 d2 17. Bxd2 Bxb1 18. Qxb1 Rae8 19. g5 hxg5 20. Bxg5 Nh7 21. Bd2 Qd8
22. Ne4 Qh4 23. f4 f5 24. Ng3 Nf6 25. Be1 Ng4+ 26. Kh1 Qh8 27. Bc3 Bxc3 28.
bxc3 b6 29. Rf3 Re7 30. Nf1 Rfe8 31. Qd3 Kf7 32. Kg1 Nf6 33. Kh2 Re1 34. Kg1
Ra1 35. Re3 Rxe3 36. Qxe3 Qe8 37. Kf2 Qxe3+ 38. Kxe3 Rxa3 39. Kd3 Nh5 0-1

[Event "IX. Rhein-Main-Open"]
[Site "Bad Homburg"]
[Date "2006.06.18"]
[Round "6.23"]
[White "Eidelmann, Vova"]
[Black "Schimmer, Michael"]
[Result "1/2-1/2"]
[WhiteElo "2055"]
[BlackElo "1956"]
[PlyCount "65"]
[EventDate "2006.??.??"]

1. e4 d6 2. d4 Nf6 3. Nc3 g6 4. Be2 Bg7 5. Be3 c6 6. f4 Qc7 7. e5 Nd5 8. Nxd5
cxd5 9. Nf3 O-O 10. O-O Bg4 11. Rc1 Nd7 12. h3 Bxf3 13. Rxf3 dxe5 14. fxe5 f6
15. exf6 exf6 16. Bf4 Qa5 17. Ra3 Qb6 18. Rb3 Qc6 19. Rc3 Qb6 20. Bf3 Qe6 21.
Re3 Qf7 22. Qe2 Rfe8 23. Re1 Rxe3 24. Qxe3 f5 25. c3 Nf6 26. Bd1 Re8 27. Qf2
Ne4 28. Qf1 a6 29. Bb3 b5 30. a3 Bf6 31. Qd3 Qd7 32. g3 Kf7 33. Re2 1/2-1/2

[Event "IX. Rhein-Main-Open"]
[Site "Bad Homburg"]
[Date "2006.06.18"]
[Round "6.24"]
[White "Fußnecker, Manfred"]
[Black "Kretner, Georg-Ulrich"]
[Result "1-0"]
[WhiteElo "2025"]
[BlackElo "1852"]
[PlyCount "55"]
[EventDate "2006.??.??"]

1. e4 g6 2. d4 Bg7 3. Nc3 d6 4. Be3 Nf6 5. Qd2 c6 6. h3 Nbd7 7. g4 e5 8. Nf3 b5
9. O-O-O b4 10. dxe5 bxc3 11. Qxd6 Nxe4 12. Qxc6 Rb8 13. Qxe4 Bb7 14. Qf4 O-O
15. Bc4 Qe7 16. Rhe1 Kh8 17. Bd4 cxb2+ 18. Kb1 Qb4 19. Bb3 Nc5 20. e6 Bxf3 21.
Bxg7+ Kxg7 22. Qxf3 fxe6 23. Qe3 Rb6 24. Rd4 Qa5 25. Qe5+ Kg8 26. Ra4 Qd2 27.
Rxa7 Nb7 28. Bxe6+ 1-0

[Event "IX. Rhein-Main-Open"]
[Site "Bad Homburg"]
[Date "2006.06.18"]
[Round "6.25"]
[White "Krüger, Till"]
[Black "Müller, Pascal"]
[Result "1/2-1/2"]
[WhiteElo "1827"]
[BlackElo "1999"]
[PlyCount "32"]
[EventDate "2006.??.??"]

1. e4 d5 2. exd5 Nf6 3. Nc3 Nxd5 4. d4 c6 5. h3 Bf5 6. a3 e6 7. Nf3 Bd6 8. Bd3
Bxd3 9. Qxd3 Nd7 10. Ne2 Qc7 11. Bd2 Nf4 12. Nxf4 Bxf4 13. O-O-O O-O-O 14. Qe4
Bxd2+ 15. Rxd2 Nf6 16. Qe3 Nd5 1/2-1/2

[Event "IX. Rhein-Main-Open"]
[Site "Bad Homburg"]
[Date "2006.06.18"]
[Round "6.26"]
[White "Lanz, Udo"]
[Black "Feigl, Markus"]
[Result "1-0"]
[WhiteElo "1985"]
[BlackElo "1751"]
[PlyCount "133"]
[EventDate "2006.??.??"]

1. e4 e6 2. d4 d5 3. e5 Nd7 4. c3 Be7 5. Nf3 g6 6. Bd3 Kf8 7. Be3 Kg7 8. Qd2 h5
9. Qc2 Nf8 10. Nbd2 Nh6 11. O-O-O g5 12. h3 Ng6 13. g3 Bd7 14. Nh2 Be8 15. f4
f5 16. exf6+ Bxf6 17. Ndf3 g4 18. hxg4 hxg4 19. Ne5 Bxe5 20. fxe5 Nf5 21. Bxf5
exf5 22. Qxf5 Bd7 23. e6 Qe7 24. Qxg4 Bxe6 25. Qg5 Qxg5 26. Bxg5 Raf8 27. Rd2
Rh5 28. Bh4 Nxh4 29. gxh4 Rxh4 30. Rg1+ Kf6 31. Nf3 Rf4 32. Ne5 Bf5 33. Rh2 Ke7
34. Rg7+ Kd8 35. b3 Be4 36. Kb2 Kc8 37. Ka3 c6 38. Kb4 Rf2 39. Rh6 Rxa2 40. Re6
Ra6 41. Nd7 Rd8 42. Ree7 b6 43. Ne5 c5+ 44. dxc5 bxc5+ 45. Kxc5 d4 46. cxd4
Rad6 47. Rxa7 Rd5+ 48. Kb4 Rxd4+ 49. Ka3 Kb8 50. Rgc7 Rd1 51. Kb4 R8d4+ 52. Kc3
R4d3+ 53. Nxd3 Rxd3+ 54. Kc4 Rd6 55. b4 Rd1 56. Rg7 Rd8 57. Rad7 Rc8+ 58. Kd4
Bc6 59. Rd6 Ka8 60. Rdg6 Rd8+ 61. Kc5 Bd5 62. Rd6 Rxd6 63. Kxd6 Bb7 64. b5 Kb8
65. Rg8+ Ka7 66. Kc7 Bd5 67. Rg3 1-0

[Event "IX. Rhein-Main-Open"]
[Site "Bad Homburg"]
[Date "2006.06.18"]
[Round "6.27"]
[White "Grass, Ernest"]
[Black "Gutacker, Stephan"]
[Result "1/2-1/2"]
[WhiteElo "1772"]
[BlackElo "1982"]
[PlyCount "35"]
[EventDate "2006.??.??"]

1. e4 e5 2. Nf3 Nc6 3. d4 exd4 4. Bc4 Bc5 5. c3 Qf6 6. e5 Qg6 7. O-O f5 8. Ng5
Nh6 9. h4 Na5 10. Bd5 Be7 11. cxd4 Bxg5 12. Bxg5 Nf7 13. Bd2 Nc6 14. Qb3 Nxd4
15. Qc4 Ne6 16. Bxe6 Qxe6 17. Qxc7 O-O 18. Bc3 1/2-1/2

[Event "IX. Rhein-Main-Open"]
[Site "Bad Homburg"]
[Date "2006.06.18"]
[Round "6.28"]
[White "Ewin, Hans-Peter"]
[Black "Graw, Oliver"]
[Result "1-0"]
[WhiteElo "1976"]
[BlackElo "1594"]
[PlyCount "71"]
[EventDate "2006.??.??"]

1. e4 d5 2. d4 dxe4 3. Nc3 Bf5 4. f3 Nf6 5. g4 Bg6 6. g5 Nd5 7. Nxe4 e6 8. Bc4
Nc6 9. c3 Bd6 10. Ne2 a6 11. Bxd5 exd5 12. Nxd6+ Qxd6 13. Bf4 Qd7 14. Qd2 O-O-O
15. h4 Rde8 16. b4 Re7 17. Kf2 Rhe8 18. Ng3 f6 19. gxf6 gxf6 20. a4 a5 21. h5
Bf5 22. b5 Nd8 23. Bxc7 Qxc7 24. Nxf5 Re2+ 25. Qxe2 Rxe2+ 26. Kxe2 Qc4+ 27. Kd2
Kd7 28. Ne3 Qc7 29. Nxd5 Qd6 30. c4 Nf7 31. Rae1 Ng5 32. Re3 Qg3 33. Rhe1 Nxf3+
34. Kc3 Qf2 35. Re7+ Kd8 36. Re8+ 1-0

[Event "IX. Rhein-Main-Open"]
[Site "Bad Homburg"]
[Date "2006.06.18"]
[Round "6.29"]
[White "Plattner, Rolf"]
[Black "Förster, Rudi"]
[Result "1/2-1/2"]
[WhiteElo "1528"]
[BlackElo "1967"]
[PlyCount "114"]
[EventDate "2006.??.??"]

1. d4 d5 2. Nf3 Nf6 3. c4 c6 4. Nc3 Bf5 5. e3 e6 6. a3 Nbd7 7. cxd5 exd5 8. Be2
Bd6 9. O-O Qc7 10. b4 Ng4 11. g3 h5 12. Nh4 Be6 13. e4 Be7 14. Nf5 Bxf5 15.
exf5 Ndf6 16. Bf4 Qd7 17. Bd3 O-O-O 18. b5 Bd6 19. bxc6 Qxc6 20. Nb5 Kb8 21.
Rc1 Qb6 22. Nxd6 Rxd6 23. h3 Nh6 24. Qc2 Rhd8 25. Bxd6+ Qxd6 26. Qc5 Ne4 27.
Bxe4 dxe4 28. Qe5 Qxe5 29. dxe5 Nxf5 30. Rfd1 Rxd1+ 31. Rxd1 Kc7 32. Kf1 e3 33.
Ke2 exf2 34. Kxf2 Kc6 35. Kf3 a5 36. Kf4 g6 37. g4 hxg4 38. hxg4 Ne7 39. Rd8
Nd5+ 40. Ke4 Nc3+ 41. Kd3 Na4 42. Kd4 b6 43. Rf8 Nc5 44. Rxf7 Ne6+ 45. Ke3 Kd5
46. Rf6 Kxe5 47. Rxg6 b5 48. Rg8 b4 49. axb4 axb4 50. Rb8 Nc7 51. Kf3 Nd5 52.
Kg3 Kd4 53. g5 Kc3 54. g6 Ne7 55. Rb6 b3 56. Re6 Nxg6 57. Rxg6 b2 1/2-1/2

[Event "IX. Rhein-Main-Open"]
[Site "Bad Homburg"]
[Date "2006.06.18"]
[Round "6.30"]
[White "Reyher, Werner"]
[Black "Zöller, Thomas"]
[Result "1/2-1/2"]
[WhiteElo "1834"]
[BlackElo "2082"]
[PlyCount "100"]
[EventDate "2006.??.??"]

1. d4 Nf6 2. c4 e6 3. Nc3 Bb4 4. e3 b6 5. Nf3 Bb7 6. Bd2 O-O 7. Bd3 d6 8. Qc2
Nbd7 9. a3 Bxc3 10. Bxc3 Qe7 11. e4 e5 12. dxe5 Nxe5 13. Nxe5 dxe5 14. O-O Nh5
15. g3 f5 16. exf5 e4 17. Be2 Rxf5 18. Bd2 Raf8 19. Bg4 Re5 20. Be3 Nf6 21. Bh3
Rh5 22. Bg2 Ng4 23. h3 Ne5 24. Rfd1 Nf3+ 25. Kf1 Qe6 26. Ke2 Rhf5 27. b4 Qf7
28. Bxf3 Rxf3 29. Kd2 Rxf2+ 30. Bxf2 Qxf2+ 31. Kc1 Qxg3 32. Ra2 Qxh3 33. Re1
Qg3 34. Qd2 Qb3 35. Qc2 Qg3 36. Qd2 Qh4 37. Rc2 Rf3 38. Re3 Qf6 39. Rcc3 Rf1+
40. Re1 Rxe1+ 41. Qxe1 Bc8 42. Kc2 Bf5 43. Kb3 c5 44. Qg3 h5 45. Qb8+ Kh7 46.
bxc5 bxc5 47. Qxa7 Qd4 48. Qf7 Qd1+ 49. Kb2 Bg6 50. Qd5 Qg1 1/2-1/2

[Event "IX. Rhein-Main-Open"]
[Site "Bad Homburg"]
[Date "2006.06.18"]
[Round "6.31"]
[White "Smith-Meyer, Geir"]
[Black "Göbel, Andreas"]
[Result "0-1"]
[WhiteElo "1669"]
[BlackElo "2073"]
[PlyCount "132"]
[EventDate "2006.??.??"]

1. d4 Nf6 2. Bf4 c5 3. e3 Qb6 4. b3 e6 5. Nf3 Nc6 6. c3 Be7 7. Bd3 O-O 8. h3 d5
9. O-O Bd7 10. Ne5 Be8 11. Nd2 Nxe5 12. dxe5 Nd7 13. Qh5 f5 14. Qe2 g5 15. Bh2
Bg6 16. f4 Rf7 17. Kh1 Raf8 18. g4 Qc6 19. Nf3 fxg4 20. Bxg6 hxg6 21. hxg4 gxf4
22. exf4 d4 23. c4 Bg5 24. f5 gxf5 25. gxf5 Rxf5 26. Kg2 R8f7 27. Bg3 Rg7 28.
Kh3 Be3 29. Nh4 Rfg5 30. Rf3 Nxe5 31. Bxe5 Rxe5 32. Raf1 Qe4 33. Rf8+ Kh7 34.
R8f7 Qxh4+ 35. Kxh4 Bg5+ 36. Kg4 Rxe2 37. Rxg7+ Kxg7 38. Kxg5 Rxa2 39. Rb1 a5
40. Kf4 Kf6 41. Kf3 Kf5 42. Rh1 Rb2 43. Rh5+ Kg6 44. Rxc5 Rxb3+ 45. Ke4 b6 46.
Rc6 Kf6 47. Kxd4 Rb4 48. Kc3 Ke5 49. Rc8 Kd6 50. Rd8+ Kc7 51. Re8 Kd7 52. Rb8
e5 53. Rb7+ Kd6 54. Rb8 Rb1 55. Kc2 Kc7 56. Re8 Rb4 57. Kc3 Kd6 58. Rd8+ Ke6
59. Re8+ Kf5 60. Rf8+ Ke4 61. Re8 Kf4 62. Rf8+ Ke3 63. Rf5 Ke4 64. Rf6 b5 65.
c5 Rc4+ 66. Kb3 Rxc5 0-1

[Event "IX. Rhein-Main-Open"]
[Site "Bad Homburg"]
[Date "2006.06.18"]
[Round "6.32"]
[White "Reichert, Rudolf"]
[Black "Lebermann, Hellmuth"]
[Result "1-0"]
[WhiteElo "1601"]
[BlackElo "2063"]
[PlyCount "59"]
[EventDate "2006.??.??"]

1. e4 d5 2. e5 c5 3. Nf3 e6 4. a3 Nc6 5. Bb5 Bd7 6. Bxc6 Bxc6 7. d4 Qc7 8. Be3
cxd4 9. Bxd4 Rc8 10. c3 Ne7 11. O-O Nf5 12. Re1 Be7 13. g4 Nxd4 14. cxd4 O-O
15. Nc3 a5 16. Rc1 Qd7 17. Ne2 a4 18. Ng3 Bb5 19. Qd2 Bc4 20. Nh5 Qd8 21. g5
Kh8 22. Qf4 f6 23. exf6 gxf6 24. g6 Rg8 25. g7+ Rxg7+ 26. Nxg7 Kxg7 27. Kh1 Qd7
28. Rg1+ Kh8 29. Ne5 Qe8 30. Ng6+ 1-0

[Event "IX. Rhein-Main-Open"]
[Site "Bad Homburg"]
[Date "2006.06.18"]
[Round "6.33"]
[White "Kirschner, Matthias"]
[Black "Libuda, Thomas"]
[Result "0-1"]
[WhiteElo "1567"]
[BlackElo "2026"]
[PlyCount "58"]
[EventDate "2006.??.??"]

1. g3 d5 2. Bg2 Bf5 3. Nf3 Nf6 4. d3 e6 5. c4 c6 6. b3 Be7 7. Bb2 h6 8. cxd5
cxd5 9. O-O O-O 10. Nbd2 a5 11. Nd4 Bh7 12. Rc1 Na6 13. a3 Qb6 14. N4f3 Rfd8
15. Rc2 Ng4 16. Bd4 Qd6 17. Qa1 Bf6 18. Rfc1 e5 19. h3 exd4 20. hxg4 Qe6 21.
Nxd4 Qxg4 22. N2f3 Nb8 23. Qa2 Bxd4 24. Nxd4 Qxd4 25. Rc7 Qb6 26. b4 Nc6 27.
Rc5 Qxc7 28. b5 Qe7 29. bxc6 Qxc5 0-1

[Event "IX. Rhein-Main-Open"]
[Site "Bad Homburg"]
[Date "2006.06.18"]
[Round "6.35"]
[White "Nahler, Michael"]
[Black "Schutzmann, Henry"]
[Result "1-0"]
[WhiteElo "1842"]
[BlackElo "1550"]
[PlyCount "85"]
[EventDate "2006.??.??"]

1. e4 c5 2. Nf3 d6 3. d4 cxd4 4. Nxd4 Nf6 5. Nc3 a6 6. Bg5 Nbd7 7. Bd3 g6 8.
Qd2 h6 9. Be3 e5 10. Nde2 Ng4 11. Nd5 Nxe3 12. Qxe3 Bg7 13. O-O O-O 14. Rad1
Nf6 15. Bc4 Nxd5 16. Bxd5 Qc7 17. Nc3 Be6 18. Rd2 Qc5 19. Qd3 Qd4 20. Qe2 Bg4
21. Qd3 Qxd3 22. Rxd3 Rab8 23. f3 Bd7 24. Bb3 Rbd8 25. Rxd6 Bc6 26. Rfd1 Rxd6
27. Rxd6 Kh7 28. Bd5 Bxd5 29. Nxd5 Rc8 30. c3 h5 31. Rd7 Rf8 32. Rxb7 Bh6 33.
Ra7 Bc1 34. b4 Kh6 35. a4 Kg5 36. g3 h4 37. Kg2 f5 38. c4 fxe4 39. fxe4 hxg3
40. hxg3 Kg4 41. Rxa6 Bg5 42. Rxg6 Rf3 43. Rxg5+ 1-0

[Event "IX. Rhein-Main-Open"]
[Site "Bad Homburg"]
[Date "2006.06.18"]
[Round "6.36"]
[White "Bender, Manfred"]
[Black "Pfeiffer, Ralf"]
[Result "1-0"]
[WhiteElo "1816"]
[BlackElo "1505"]
[PlyCount "51"]
[EventDate "2006.??.??"]

1. d4 Nf6 2. c4 e5 3. dxe5 Ng4 4. Nf3 Nc6 5. Nbd2 Bb4 6. a3 Bxd2+ 7. Bxd2 Qe7
8. Bc3 Ngxe5 9. Nxe5 Nxe5 10. Qd4 f6 11. e3 O-O 12. c5 b6 13. cxb6 Bb7 14. bxc7
Rfc8 15. Bb4 Qe8 16. Rc1 Nc6 17. Qd6 Kh8 18. Bb5 Qe4 19. Bxc6 Bxc6 20. Qg3 Qxg2
21. Qxg2 Bxg2 22. Rg1 Bc6 23. Ba5 Re8 24. Rg4 Re5 25. Rd4 Rxa5 26. Rxc6 1-0

[Event "IX. Rhein-Main-Open"]
[Site "Bad Homburg"]
[Date "2006.06.18"]
[Round "6.37"]
[White "Lesic, Ivan"]
[Black "Braunberger, Gerald"]
[Result "0-1"]
[WhiteElo "1479"]
[BlackElo "1883"]
[PlyCount "62"]
[EventDate "2006.??.??"]

1. e4 Nf6 2. Nc3 e5 3. Bc4 Nxe4 4. Bxf7+ Kxf7 5. Qh5+ g6 6. Qxe5 Nf6 7. Nge2
Nc6 8. Qf4 Bd6 9. Qc4+ Kg7 10. b3 Rf8 11. h3 a6 12. d4 b5 13. Qd3 Nb4 14. Qd2
Bb7 15. f3 Kg8 16. Bb2 Nh5 17. O-O-O Ng3 18. Rhe1 Nxe2+ 19. Qxe2 Qg5+ 20. Kb1
Rae8 21. Qf1 Bg3 22. Rxe8 Rxe8 23. a3 Nd5 24. Nxd5 Bxd5 25. c4 bxc4 26. bxc4
Bf7 27. d5 Be5 28. Bxe5 Qxe5 29. Kc2 g5 30. Rd2 Rb8 31. Qc1 Bg6+ 0-1

[Event "IX. Rhein-Main-Open"]
[Site "Bad Homburg"]
[Date "2006.06.18"]
[Round "6.38"]
[White "Reimer, Otto"]
[Black "Dages, Rolf Hermann"]
[Result "1-0"]
[WhiteElo "2047"]
[BlackElo "1445"]
[PlyCount "73"]
[EventDate "2006.??.??"]

1. e4 c5 2. Nf3 Nc6 3. d4 cxd4 4. Nxd4 a6 5. Nc3 Nf6 6. Be2 g6 7. Be3 Bg7 8.
Qd2 d6 9. f3 Bd7 10. g4 Qc7 11. g5 Nh5 12. Nd5 Qd8 13. Nxc6 Bxc6 14. Bb6 Qc8
15. Nc7+ Kf8 16. Nxa8 Qxa8 17. Bd4 e5 18. Be3 Ke7 19. O-O-O Rd8 20. Bb6 Rd7 21.
Qb4 Bf8 22. Bc4 Nf4 23. Rd2 Ke8 24. Qb3 Nh3 25. Rg2 Nf4 26. Rg4 a5 27. a4 h6
28. gxh6 Bxh6 29. Kb1 Nh5 30. Rd1 Bf4 31. Bxf7+ Rxf7 32. Qe6+ Kf8 33. Rxd6 Ng7
34. Qxg6 Qa6 35. Rd8+ Be8 36. Bc5+ Kg8 37. Rxe8+ 1-0

[Event "IX. Rhein-Main-Open"]
[Site "Bad Homburg"]
[Date "2006.06.18"]
[Round "6.39"]
[White "Wulfert, Olaf"]
[Black "Winterberg, Lukas"]
[Result "0-1"]
[WhiteElo "1629"]
[BlackElo "1799"]
[PlyCount "72"]
[EventDate "2006.??.??"]

1. c4 g6 2. d4 Bg7 3. Nf3 d6 4. e4 Nf6 5. Nc3 O-O 6. Be2 Nbd7 7. O-O e5 8. d5
h6 9. h3 Nc5 10. Qc2 a5 11. Be3 b6 12. Nd2 g5 13. f3 Nh5 14. Bf2 Nf4 15. Nb3
Qf6 16. Nxc5 bxc5 17. Kh2 Qg6 18. g4 h5 19. Nd1 hxg4 20. fxg4 Qh6 21. h4 gxh4
22. Be3 Bf6 23. Qd2 Bg5 24. Nf2 f6 25. Nd3 Nxe2 26. Bxg5 Qxg5 27. Qxe2 Bxg4 28.
Qxg4 Qxg4 29. Rg1 Qxg1+ 30. Kxg1 f5 31. Nf2 Rf6 32. Kh2 Raf8 33. Kh3 fxe4 34.
Nxe4 Rf1 35. Rxf1 Rxf1 36. Kxh4 Rf4+ 0-1

[Event "IX. Rhein-Main-Open"]
[Site "Bad Homburg"]
[Date "2006.06.18"]
[Round "6.40"]
[White "Reinl, Walter"]
[Black "Freund, Klaus"]
[Result "1/2-1/2"]
[WhiteElo "1500"]
[BlackElo "1721"]
[PlyCount "46"]
[EventDate "2006.??.??"]

1. e4 c5 2. Nf3 Nc6 3. d4 cxd4 4. Nxd4 d6 5. Nc3 Nf6 6. Be3 g6 7. Be2 Bg7 8.
Qd2 Bd7 9. O-O-O a6 10. f3 Rc8 11. g4 O-O 12. h4 Nxd4 13. Bxd4 Be6 14. h5 Bc4
15. hxg6 fxg6 16. g5 Bxe2 17. gxf6 Bxf3 18. fxg7 Rf7 19. Qh6 Bh5 20. e5 dxe5
21. Bxe5 Qa5 22. Rxh5 gxh5 23. Qxh5 Rxg7 1/2-1/2

[Event "IX. Rhein-Main-Open"]
[Site "Bad Homburg"]
[Date "2006.06.18"]
[Round "6.41"]
[White "Witt, Holger"]
[Black "Faqiry, Ramat"]
[Result "0-1"]
[WhiteElo "1438"]
[BlackElo "1705"]
[PlyCount "116"]
[EventDate "2006.??.??"]

1. c4 Nf6 2. g3 e6 3. Bg2 d5 4. Nf3 c5 5. cxd5 exd5 6. d4 Be7 7. dxc5 Qa5+ 8.
Nbd2 Qxc5 9. O-O O-O 10. Nb3 Qb6 11. Be3 Qd8 12. Rc1 b6 13. Qc2 Na6 14. a3 Bb7
15. Nbd4 Rc8 16. Qb1 Bd6 17. Rxc8 Qxc8 18. Rc1 Qd7 19. b4 Ng4 20. Qf5 Qxf5 21.
Nxf5 Bb8 22. Bd4 f6 23. e3 Ne5 24. Ne1 Nc7 25. a4 g6 26. Nh4 Ne6 27. Nhf3 Bd6
28. Bh3 Re8 29. Bxe6+ Rxe6 30. Bc3 Re7 31. Nd4 a6 32. b5 Rc7 33. Bb2 Nc4 34.
Ne6 Re7 35. Nd8 Nxb2 36. Nxb7 Rxb7 37. Rc8+ Kf7 38. Rh8 Kg7 39. Rd8 Nc4 40. Ra8
a5 41. Nd3 Bb8 42. Nf4 Bxf4 43. gxf4 Rd7 44. Kg2 Rd6 45. Ra7+ Kh6 46. Rb7 Nb2
47. Rc7 Nxa4 48. Rc6 Rd7 49. Rxf6 Rb7 50. Rd6 Nc3 51. Kf3 a4 52. Rc6 Nxb5 53.
Ke2 d4 54. Kd2 a3 55. Rc1 dxe3+ 56. fxe3 Rd7+ 57. Ke2 a2 58. Kf3 Nc3 0-1

[Event "IX. Rhein-Main-Open"]
[Site "Bad Homburg"]
[Date "2006.06.18"]
[Round "6.42"]
[White "Kempf, Alexander"]
[Black "Peter, Falco"]
[Result "0-1"]
[WhiteElo "1654"]
[BlackElo "1380"]
[PlyCount "62"]
[EventDate "2006.??.??"]

1. e4 c5 2. Nf3 Nc6 3. d4 e6 4. Nc3 a6 5. Be3 Qb6 6. Na4 Qa5+ 7. c3 cxd4 8.
Nxd4 b5 9. Nxc6 dxc6 10. Nc5 Nf6 11. f3 Be7 12. b4 Qc7 13. a4 Nd7 14. axb5 Nxc5
15. bxc5 O-O 16. b6 Qe5 17. Bd4 Qh5 18. Ra5 Bh4+ 19. Bf2 Rd8 20. Qc2 Bg5 21.
Bd3 Qh6 22. O-O Be3 23. Qe2 Bxf2+ 24. Rxf2 Qc1+ 25. Qf1 Qxc3 26. Rxa6 Bxa6 27.
Bxa6 Qxc5 28. b7 Rxa6 29. Qxa6 Rd1+ 30. Qf1 Rxf1+ 31. Kxf1 Qb5+ 0-1

[Event "IX. Rhein-Main-Open"]
[Site "Bad Homburg"]
[Date "2006.06.18"]
[Round "6.43"]
[White "Kempf, Jürgen"]
[Black "Plötz, Hans-Jürgen"]
[Result "0-1"]
[WhiteElo "1114"]
[BlackElo "1442"]
[PlyCount "44"]
[EventDate "2006.??.??"]

1. c4 d6 2. Nc3 Nf6 3. Nf3 e5 4. g3 Nbd7 5. Bg2 c6 6. O-O Be7 7. d3 O-O 8. h3
Ne8 9. Be3 f5 10. d4 e4 11. Nd2 g5 12. f3 f4 13. Bf2 e3 14. Be1 exd2 15. Bxd2
Qb6 16. gxf4 Qxd4+ 17. Kh1 gxf4 18. Re1 Bg5 19. Ne4 Bh6 20. Rg1 d5 21. Bf1+ Bg7
22. Nd6 Qxb2 0-1

[Event "IX. Rhein-Main-Open"]
[Site "Bad Homburg"]
[Date "2006.06.18"]
[Round "6.46"]
[White "Krüger, Jens"]
[Black "Feigl, Gerold"]
[Result "0-1"]
[WhiteElo "1413"]
[BlackElo "1452"]
[PlyCount "74"]
[EventDate "2006.??.??"]

1. e4 e5 2. Nf3 Nc6 3. Nc3 Nf6 4. Bc4 h6 5. O-O d6 6. a3 Bg4 7. b4 Nd4 8. Be2
Qd7 9. Nxd4 exd4 10. Bxg4 Qxg4 11. Qxg4 Nxg4 12. Nd5 Kd7 13. Bb2 c5 14. d3 Ne5
15. b5 b6 16. Rfd1 Be7 17. c3 dxc3 18. Bxc3 f6 19. a4 Bd8 20. d4 Ng6 21. dxc5
bxc5 22. Ne3 Ne7 23. e5 Bc7 24. Nc4 d5 25. Nd2 fxe5 26. Nb3 Kd6 27. f3 d4 28.
Bb2 c4 29. Ba3+ Kd5 30. Nc5 Bd6 31. Nd7 Bxa3 32. b6 Bd6 33. bxa7 Kc6 34. Rdc1
Kxd7 35. Rxc4 Rxa7 36. a5 Rha8 37. Rca4 Ra6 0-1